| 000 | 01289cam a22003497a 4500 | ||
|---|---|---|---|
| 003 | CHAP | ||
| 005 | 20220329142327.0 | ||
| 008 | 000724d1999 mx r 00110 spa d | ||
| 010 | _a81802 | ||
| 011 | _a82774 | ||
| 035 | _a93277 | ||
| 040 | _cCHAP | ||
| 090 | _aTesis | ||
| 100 | 0 | 0 |
_aEscamilla Sarabia, María Guadalupe. _937452 |
| 245 | 1 | 0 |
_aClasificación campesina de suelos y edafología del Municipio de Nauzontla, Puebla _c/por María Guadalupe Esamilla Sarabia |
| 260 |
_aChapingo, Méx. : _bEl autor, _c1999. |
||
| 300 |
_a129 h. : _bgráfs. |
||
| 502 | _aTesis (M.C. Edafología) -- Universidad Nacional Autónoma de México. Facultad de Ciencias. División de Estudios de Postgrado | ||
| 590 |
_aALEPH _b10 _c20130110 _lUCH01 _h1436 |
||
| 590 |
_aBATCH-UPD _b10 _c20130110 _lUCH01 _h0329 |
||
| 590 |
_aBATCH-UPD _b10 _c20130110 _lUCH01 _h2259 |
||
| 590 |
_aBATCH-UPD _b10 _c20130410 _lUCH01 _h0002 |
||
| 590 |
_aBATCH-UPD _b10 _c20130410 _lUCH01 _h1552 |
||
| 590 |
_aBATCH-UPD _b10 _c20130914 _lUCH01 _h2039 |
||
| 590 |
_aCONVERSION _b10 _c20130109 _lUCH01 _h1345 |
||
| 650 | 1 | 4 |
_aSuelos _xClasificación _zPuebla. _9110270 |
| 650 | 1 | 4 |
_aSuelos _xPuebla. _9110466 |
| 901 | _aBK | ||
| 905 | _aBlanca M. García O. | ||
| 942 | _cTESIS | ||
| 949 |
_bBC _cTES _d932771 _eTS1 _h36908 _i93277 _sb |
||
| 999 |
_c81802 _d81802 |
||